Statistics for Weeny Quiz About Weeny Quizzes

Click here to take the quiz!

General Stats

  • This quiz has been taken 22 times
  • The average score is 6 of 10

Answer Stats

quizmost answered% Correct
Caribbean islandCuba (100%)
85%
Japanese islandHonshu (98%)
75%
Great LakeMichigan (98%)
75%
Indonesian islandJava (100%)
70%
Hawaiian islandOʻahu (98%)
70%
German stateBavaria (94%)
65%
ContinentNorth America (98%)
60%
Filipino islandLuzon (97%)
55%
New Zealand regionAuckland (96%)
30%
Canary islandGran Canaria (89%)
30%

Score Distribution

Percentile by Number Answered

Percent of People with Each Score

Your Score History

You have not taken this quiz